[Event "Frankfurt-chA"]
[Site "Frankfurt"]
[Date "2017.05.29"]
[Round "6"]
[White "Lehmann, Gerit"]
[Black "Benikhis, Avram"]
[Result "1/2-1/2"]
[WhiteElo "1568"]
[BlackElo "1743"]
[PlyCount "117"]
[EventDate "2017.04.24"]
[EventType "swiss"]
[EventRounds "7"]
[EventCountry "GER"]
[SourceTitle "EXT 2018"]
[Source "ChessBase"]
[SourceDate "2017.10.13"]
[SourceVersion "1"]
[SourceVersionDate "2017.10.13"]
[SourceQuality "1"]

1. d4 d5 2. c4 c6 3. cxd5 cxd5 4. Nc3 Nf6 5. Nf3 Qb6 6. Qc2 Nc6 7. e3 g6 8. a3 Bg7 9. Bd3 0-0 10. 0-0 e6 11. Re1 Bd7 12. Na4 Qd8 13. Nc5 Rb8 14. Nxd7 Nxd7 15. Bd2 a6 16. Rac1 Rc8 17. Bc3 e5 18. dxe5 Ncxe5 19. Nxe5 Bxe5 20. Qd2 Qf6 21. Bxe5 Qxe5 22. Be2 Nf6 23. Bf3 b6 24. Red1 Rxc1 25. Rxc1 Rd8 26. Qc3 Qxc3 27. Rxc3 Rd6 28. Rd3 Nd7 29. Rxd5 Rxd5 30. Bxd5 Kf8 31. Kf1 Ke7 32. Ke2 f6 33. Bg8 h6 34. g3 Kd6 35. Bf7 Ne5 36. Ba2 Kc5 37. b3 a5 38. f4 Nc6 39. Kd3 Ne7 40. e4 Nc6 41. h3 b5 42. h4 g5 43. hxg5 hxg5 44. Ke3 Ne7 45. Bb1 Nc6 46. Bc2 Ne7 47. Bd1 Nc6 48. Be2 Ne7 49. fxg5 fxg5 50. Bf3 Nc6 51. Bd1 Ne5 52. Be2 Nc6 53. Bf3 Ne5 54. Be2 Nc6 55. e5 Nd4 56. Bd1 Kd5 57. e6 Nxe6 58. Bf3+ Ke5 59. Bd1 1/2-1/2

[Event "Frankfurt-chA"]
[Site "Frankfurt"]
[Date "2017.05.22"]
[Round "5"]
[White "Leichum, Engelbert"]
[Black "Lehmann, Gerit"]
[Result "0-1"]
[WhiteElo "1688"]
[BlackElo "1568"]
[PlyCount "144"]
[EventDate "2017.04.24"]
[EventType "swiss"]
[EventRounds "7"]
[EventCountry "GER"]
[SourceTitle "EXT 2018"]
[Source "ChessBase"]
[SourceDate "2017.10.13"]
[SourceVersion "1"]
[SourceVersionDate "2017.10.13"]
[SourceQuality "1"]

1. e4 d5 2. exd5 Nf6 3. Nc3 Nxd5 4. Bc4 Nb6 5. Bb3 Nc6 6. d3 Na5 7. Bxf7+ Kxf7 8. Qh5+ g6 9. Qxa5 Bg7 10. Nf3 Qd6 11. 0-0 Rf8 12. Re1 Kg8 13. Ne4 Qc6 14. c4 Bf5 15. Qb4 Bxe4 16. Rxe4 Qd6 17. Qb3 c5 18. Bg5 Bf6 19. Bf4 Qd7 20. Qc2 Rad8 21. Rd1 Rfe8 22. Be5 Qc6 23. Qe2 Nc8 24. d4 Nd6 25. d5 Qd7 26. Rf4 Kg7 27. Ng5 Rc8 28. Ne6+ Kg8 29. Qg4 Bxe5 30. Rf3 Bf6 31. h4 Nf7 32. h5 Ne5 33. Qg3 Nxf3+ 34. gxf3 Qd6 35. f4 Kf7 36. hxg6+ hxg6 37. Kf1 Rh8 38. Ke2 Rcg8 39. Rg1 Rh5 40. Qf3 Rf5 41. Qh3 Rh5 42. Qd3 a6 43. b3 Rf5 44. Qh3 Rh5 45. Qf3 b5 46. a3 bxc4 47. bxc4 Qb6 48. Rd1 Qb2+ 49. Rd2 Qc1 50. Qd3 Rh1 51. Ng5+ Bxg5 52. fxg5 Qf1+ 53. Kf3 Rh3+ 54. Ke4 Rxd3 55. Rxd3 Qxf2 56. Rf3+ Qxf3+ 57. Kxf3 Rb8 58. Ke4 Rb3 59. Ke5 Rxa3 60. d6 exd6+ 61. Kxd6 Rg3 62. Kxc5 Rxg5+ 63. Kb4 Re5 64. c5 Ke6 65. Ka5 Rxc5+ 66. Kxa6 g5 67. Kb6 Kd6 68. Kb7 Rc6 69. Ka7 g4 70. Kb7 g3 71. Kb8 g2 72. Kb7 g1Q 0-1

[Event "Frankfurt-chA"]
[Site "Frankfurt"]
[Date "2015.06.01"]
[Round "5"]
[White "Lehmann, Gerit"]
[Black "Bergmann, Michael"]
[Result "1/2-1/2"]
[WhiteElo "1487"]
[BlackElo "1590"]
[PlyCount "125"]
[EventDate "2015.04.27"]
[EventType "swiss"]
[EventRounds "7"]
[EventCountry "GER"]
[SourceTitle "EXT 2016"]
[Source "ChessBase"]
[SourceDate "2015.10.08"]
[SourceVersion "1"]
[SourceVersionDate "2015.10.08"]
[SourceQuality "1"]

1. d4 Nf6 2. c4 e5 3. dxe5 Ng4 4. Bf4 g5 5. Bg3 Nc6 6. Nf3 Bg7 7. h3 Ngxe5 8. Nxe5 Nxe5 9. Qc2 0-0 10. e3 d6 11. Be2 Be6 12. Nd2 Nc6 13. a3 Qf6 14. Rb1 Bf5 15. Bd3 Bxd3 16. Qxd3 Rae8 17. Nf3 Ne5 18. Nxe5 dxe5 19. 0-0 e4 20. Qb3 Qc6 21. Rfd1 Be5 22. Bxe5 Rxe5 23. Rd4 Rc5 24. Rbd1 b5 25. Rd5 bxc4 26. Rxc5 Qxc5 27. Qc3 Re8 28. Rd4 Qe5 29. Rxc4 Qxc3 30. Rxc3 Re7 31. Rc5 f6 32. Rc6 Kf7 33. Ra6 c5 34. Rc6 Rb7 35. Rxc5 Rxb2 36. Rc7+ Kg6 37. Rxa7 Rb1+ 38. Kh2 Rf1 39. Re7 f5 40. Re6+ Kf7 41. Rb6 Rxf2 42. Rb7+ Kg6 43. Rb6+ Kh5 44. Kg3 Re2 45. Rb3 Kg6 46. Rb6+ Kf7 47. Rb7+ Ke6 48. Rb3 h5 49. h4 gxh4+ 50. Kxh4 Rxg2 51. Kxh5 Rg3 52. Kh4 Rg4+ 53. Kh3 Kf6 54. a4 Rg7 55. a5 f4 56. exf4 Kf5 57. a6 Kxf4 58. Rb7 Rg3+ 59. Kh2 Ra3 60. a7 e3 61. Rf7+ Kg5 62. Re7 Kf4 63. Rf7+ 1/2-1/2

[Event "Frankfurt-chA"]
[Site "Frankfurt"]
[Date "2015.05.04"]
[Round "2"]
[White "Lehmann, Gerit"]
[Black "Hinz, Andre"]
[Result "0-1"]
[WhiteElo "1487"]
[BlackElo "1690"]
[PlyCount "94"]
[EventDate "2015.04.27"]
[EventType "swiss"]
[EventRounds "7"]
[EventCountry "GER"]
[SourceTitle "EXT 2016"]
[Source "ChessBase"]
[SourceDate "2015.10.08"]
[SourceVersion "1"]
[SourceVersionDate "2015.10.08"]
[SourceQuality "1"]

1. d4 Nf6 2. c4 g6 3. Nc3 d5 4. Nf3 Bg7 5. cxd5 Nxd5 6. Qb3 Nxc3 7. bxc3 0-0 8. Bf4 c5 9. e3 cxd4 10. exd4 b6 11. Be2 Nc6 12. 0-0 Be6 13. Qd1 Rc8 14. Ba6 Na5 15. Bxc8 Qxc8 16. Qc1 Bd5 17. Ne5 f6 18. Nd3 Bc4 19. Rd1 Qf5 20. Qe3 h5 21. h3 Re8 22. Bh2 Kh7 23. Qf3 Qb5 24. Nf4 Bh6 25. Re1 Qb2 26. Rad1 Qxa2 27. Nxh5 gxh5 28. Qxh5 Bf7 29. Qh4 Qc2 30. Bf4 Qg6 31. Re3 Qh5 32. Qxh5 Bxh5 33. Bxh6 Bxd1 34. Bf4 Bb3 35. g4 Nc4 36. Re1 a5 37. d5 Kg6 38. d6 e5 39. Be3 Rd8 40. h4 Rxd6 41. Kg2 Rd1 42. Re2 a4 43. h5+ Kh7 44. f4 a3 45. fxe5 fxe5 46. Bxb6 Rd2 47. Rxd2 Nxd2 0-1

[Event "Karl Mala Memorial op-B 17th"]
[Site "Frankfurt"]
[Date "2014.08.01"]
[Round "2"]
[White "Bischoff, Lars Kim"]
[Black "Lehmann, Gerit"]
[Result "0-1"]
[WhiteElo "1062"]
[BlackElo "1675"]
[PlyCount "36"]
[EventDate "2014.07.31"]
[EventType "swiss"]
[EventRounds "7"]
[EventCountry "GER"]
[SourceTitle "EXT 2015"]
[Source "ChessBase"]
[SourceDate "2014.11.20"]
[SourceVersion "1"]
[SourceVersionDate "2014.11.20"]
[SourceQuality "1"]

1. d4 Nf6 2. Bf4 e6 3. e3 d5 4. Nf3 b6 5. c3 Bb7 6. Bd3 Bd6 7. Be5 0-0 8. Ng5 h6 9. Bxf6 Qxf6 10. h4 Re8 11. Qh5 Ba6 12. Nh7 Qe7 13. Bg6 fxg6 14. Qxg6 Nd7 15. f4 Qf7 16. Qc2 Qf5 17. Qa4 Qd3 18. Kf2 Qe2+ 0-1

[Event "Frankfurt-chA"]
[Site "Frankfurt"]
[Date "2014.05.19"]
[Round "4"]
[White "Lehmann, Gerit"]
[Black "Muthig, Holger"]
[Result "1/2-1/2"]
[WhiteElo "1492"]
[BlackElo "1588"]
[PlyCount "104"]
[EventDate "2014.04.28"]
[EventType "swiss"]
[EventRounds "7"]
[EventCountry "GER"]
[SourceTitle "EXT 2015"]
[Source "ChessBase"]
[SourceDate "2014.11.20"]
[SourceVersion "1"]
[SourceVersionDate "2014.11.20"]
[SourceQuality "1"]

1. d4 d5 2. c4 c6 3. Nc3 Nf6 4. Nf3 g6 5. cxd5 cxd5 6. Bf4 Bg7 7. h3 0-0 8. e3 a6 9. Bd3 b5 10. Qb3 Bb7 11. 0-0 Nbd7 12. a4 Bc6 13. axb5 Qb6 14. Ra3 axb5 15. Bxb5 Rxa3 16. bxa3 Bxb5 17. Qxb5 Qxb5 18. Nxb5 Nb6 19. Rc1 Nc4 20. Ne5 Rc8 21. Nxc4 dxc4 22. Nc3 Nd7 23. Bg3 e6 24. Bd6 Nb6 25. Rb1 Nd5 26. Nxd5 exd5 27. Kf1 Bf8 28. Bxf8 Kxf8 29. Ke2 Ra8 30. Ra1 Ke7 31. f3 f5 32. e4 fxe4 33. fxe4 dxe4 34. Ke3 Kd6 35. Kxe4 Re8+ 36. Kf3 Kd5 37. a4 Kxd4 38. Rd1+ Kc3 39. a5 Kb2 40. Rd2+ Kb3 41. Rd7 c3 42. Rb7+ Kc2 43. a6 Ra8 44. a7 Kc1 45. Ke2 c2 46. Rc7 Re8+ 47. Kd3 Rd8+ 48. Kc3 Re8 49. Kb3 Re3+ 50. Rc3 Rxc3+ 51. Kxc3 Kd1 52. a8Q c1Q+ 1/2-1/2

[Event "Frankfurt-chA"]
[Site "Frankfurt"]
[Date "2013.06.03"]
[Round "5"]
[White "Lehmann, Gerit"]
[Black "Bergner, Matthias"]
[Result "1/2-1/2"]
[WhiteElo "1437"]
[BlackElo "1574"]
[PlyCount "136"]
[EventDate "2013.04.29"]
[EventType "swiss"]
[EventRounds "7"]
[EventCountry "GER"]
[SourceTitle "EXT 2014"]
[Source "ChessBase"]
[SourceDate "2013.11.20"]
[SourceVersion "1"]
[SourceVersionDate "2013.11.20"]
[SourceQuality "1"]

1. d4 d5 2. c4 e6 3. Nc3 c6 4. Nf3 Nf6 5. Bf4 dxc4 6. a4 Nd5 7. Bg3 Bb4 8. Qc2 Qa5 9. Rc1 Nd7 10. e3 b5 11. Be2 Nxc3 12. bxc3 Be7 13. 0-0 Bb7 14. Ra1 Qb6 15. Rfb1 a6 16. axb5 axb5 17. Rxa8+ Bxa8 18. Bxc4 0-0 19. Bd3 g6 20. Ne5 Nxe5 21. Bxe5 Qd8 22. c4 bxc4 23. Qxc4 Qd5 24. Rc1 Qxc4 25. Rxc4 Bb7 26. Be4 Rc8 27. Ra4 Ra8 28. Rxa8+ Bxa8 29. Kf1 Kf8 30. Ke2 f6 31. Bc7 Ke8 32. Bb6 Bd6 33. h4 f5 34. Bd3 Bb7 35. Bc5 Bc7 36. Kf3 Kf7 37. g4 fxg4+ 38. Kxg4 Bc8 39. Bc4 Kf6 40. Kf3 e5 41. dxe5+ Bxe5 42. Bd4 h6 43. Bb6 Ke7 44. Ke4 Bf6 45. Bc5+ Kd7 46. Bf7 Bxh4 47. Bxg6 Bxf2 48. Bf8 Kc7 49. Bxh6 Kb6 50. Ke5 c5 51. Bd3 Bg3+ 52. Bf4 Be1 53. Bc4 Bb4 54. e4 Kc6 55. Kf6 Bc3+ 56. e5 Kb6 57. Ke7 Be1 58. Kd8 Bf5 59. e6 Bh4+ 60. Kd7 Ka5 61. Kd6 Kb4 62. Bd5 c4 63. e7 Bxe7+ 64. Kxe7 c3 65. Bc1 Kc5 66. Bf7 Kd4 67. Kf6 Bh7 68. Bg6 Bxg6 1/2-1/2

[Event "Frankfurt-chA"]
[Site "Frankfurt"]
[Date "2013.04.29"]
[Round "1"]
[White "Lehmann, Gerit"]
[Black "Gutacker, Stephan"]
[Result "0-1"]
[WhiteElo "1437"]
[BlackElo "1965"]
[PlyCount "44"]
[EventDate "2013.04.29"]
[EventType "swiss"]
[EventRounds "7"]
[EventCountry "GER"]
[SourceTitle "EXT 2014"]
[Source "ChessBase"]
[SourceDate "2013.11.20"]
[SourceVersion "1"]
[SourceVersionDate "2013.11.20"]
[SourceQuality "1"]

1. d4 Nf6 2. Nf3 d5 3. Bf4 e6 4. e3 Bd6 5. Bxd6 Qxd6 6. c4 dxc4 7. Nc3 Qb4 8. Qa4+ Qxa4 9. Nxa4 b5 10. Nc5 Nbd7 11. Nxd7 Bxd7 12. Ne5 a6 13. Nxd7 Kxd7 14. a4 c6 15. axb5 axb5 16. Rxa8 Rxa8 17. Be2 Ra1+ 18. Bd1 Rb1 19. b3 cxb3 20. 0-0 Ne4 21. Bf3 Rxf1+ 22. Kxf1 Nd2+ 0-1

[Event "Karl Mala Memorial op 15th"]
[Site "Frankfurt"]
[Date "2012.07.08"]
[Round "6"]
[White "Rolf, Marco"]
[Black "Lehmann, Gerit"]
[Result "1-0"]
[WhiteElo "1888"]
[BlackElo "1401"]
[PlyCount "69"]
[EventDate "2012.07.05"]
[EventType "swiss"]
[EventRounds "7"]
[EventCountry "GER"]
[SourceTitle "CBM 149 Extra"]
[Source "ChessBase"]
[SourceDate "2012.08.24"]
[SourceVersion "1"]
[SourceVersionDate "2012.08.24"]
[SourceQuality "1"]

1. d4 d5 2. c4 c6 3. Nc3 dxc4 4. e3 Nf6 5. Bxc4 Bf5 6. Qb3 e6 7. Qxb7 Nbd7 8. Qxc6 Rc8 9. Qa4 Be7 10. Ba6 Rb8 11. Nge2 Rb4 12. Qd1 Ne4 13. f3 Nxc3 14. bxc3 Rb6 15. Bd3 Bxd3 16. Qxd3 Qb8 17. e4 0-0 18. 0-0 Rb5 19. Be3 Qb7 20. Rab1 Rb8 21. Rxb5 Qxb5 22. Rd1 Qxd3 23. Rxd3 Rb1+ 24. Kf2 Nb6 25. d5 exd5 26. exd5 Bd6 27. Rd4 Bc5 28. Re4 Bxe3+ 29. Rxe3 Kf8 30. d6 Rd1 31. Nd4 Rd2+ 32. Kg3 Rxa2 33. Re7 Nc8 34. Rxf7+ Kxf7 35. d7 1-0

[Event "Frankfurt-chA"]
[Site "Frankfurt"]
[Date "2012.04.30"]
[Round "1"]
[White "Lehmann, Gerit"]
[Black "Haftmann, Rainer"]
[Result "1/2-1/2"]
[WhiteElo "1407"]
[BlackElo "1845"]
[PlyCount "141"]
[EventDate "2012.04.30"]
[EventType "swiss"]
[EventRounds "7"]
[EventCountry "GER"]
[SourceTitle "EXT 2013"]
[Source "ChessBase"]
[SourceDate "2012.11.22"]
[SourceVersion "1"]
[SourceVersionDate "2012.11.22"]
[SourceQuality "1"]

1. d4 Nf6 2. Nf3 e6 3. c4 d5 4. cxd5 exd5 5. Bf4 Bb4+ 6. Nc3 c6 7. Qb3 Qa5 8. Nd2 0-0 9. e3 Bf5 10. Be2 Nbd7 11. a3 Bxc3 12. bxc3 b5 13. Qb4 Qb6 14. 0-0 a5 15. Qb3 a4 16. Qb4 Qa5 17. h3 Qxb4 18. cxb4 Nb6 19. Rfc1 Nc4 20. Nxc4 bxc4 21. f3 Rfe8 22. Kf2 h6 23. Bd1 Bd3 24. Bc2 Bxc2 25. Rxc2 g5 26. Bh2 Re6 27. Re1 Rae8 28. Rce2 Nd7 29. e4 Nf6 30. e5 Nd7 31. Bg3 f6 32. exf6 Rxe2+ 33. Rxe2 Rxe2+ 34. Kxe2 Nxf6 35. Be5 Nd7 36. Bc7 Kf7 37. Ke3 Kg6 38. g4 Nf8 39. f4 gxf4+ 40. Bxf4 Ne6 41. h4 Nf8 42. Kf3 Nd7 43. Bd2 Nf6 44. Kf4 Ne4 45. Bc1 Kf6 46. Kf3 Kg6 47. Kf4 Nf2 48. Be3 Nd3+ 49. Kf3 Ne1+ 50. Ke2 Nc2 51. Kd2 Nxa3 52. Kc3 Nb5+ 53. Kb2 Kg7 54. Bf4 Kg6 55. h5+ Kh7 56. Be3 a3+ 57. Ka2 c3 58. Kb3 Nd6 59. Kxc3 Nc4 60. Bc1 a2 61. Bb2 Ne3 62. Kb3 Nxg4 63. Kxa2 Nf6 64. Kb3 Nxh5 65. Bc1 Nf6 66. Ka4 h5 67. Ka5 Ng8 68. Kb6 Ne7 69. Bg5 Nf5 70. Kxc6 Nxd4+ 71. Kxd5 1/2-1/2

[Event "Frankfurt-ch"]
[Site "Frankfurt"]
[Date "2010.06.14"]
[Round "7"]
[White "Lehmann, Gerit"]
[Black "Weber, Andreas"]
[Result "1/2-1/2"]
[WhiteElo "1486"]
[BlackElo "1895"]
[PlyCount "85"]
[EventDate "2010.04.26"]
[EventType "swiss"]
[EventRounds "7"]
[EventCountry "GER"]
[SourceTitle "EXT 2011"]
[Source "ChessBase"]
[SourceDate "2010.11.26"]
[SourceVersion "1"]
[SourceVersionDate "2010.11.26"]
[SourceQuality "1"]

1. d4 e5 2. c3 e4 3. Qc2 d5 4. Bf4 Bd6 5. Bxd6 Qxd6 6. e3 f5 7. Nd2 Nf6 8. c4 Be6 9. cxd5 Bxd5 10. Bc4 0-0 11. Rc1 Nc6 12. Ne2 Nb4 13. Qc3 Kh8 14. Nf4 g5 15. Nxd5 Nfxd5 16. Qb3 Nd3+ 17. Bxd3 exd3 18. Qxd3 Rae8 19. Nf3 Nf4 20. Qc3 Qa6 21. Qc4 Nd3+ 22. Kd2 Nxc1 23. Qxa6 Nb3+ 24. axb3 bxa6 25. Nxg5 f4 26. Nf3 fxe3+ 27. fxe3 Rb8 28. Kc3 Rg8 29. g3 Rgf8 30. Nd2 Rf2 31. e4 Kg7 32. e5 Kf7 33. Rf1 Rxf1 34. Nxf1 Ke6 35. Ne3 Rf8 36. b4 Rf3 37. Kd3 Rf2 38. h4 Rxb2 39. Kc4 Rb1 40. g4 Rc1+ 41. Kd3 Rb1 42. Kc4 Rc1+ 43. Kd3 1/2-1/2

[Event "Frankfurt-ch"]
[Site "Frankfurt"]
[Date "2009.05.18"]
[Round "4"]
[White "Lehmann, Gerit"]
[Black "Barisch, Florian"]
[Result "1-0"]
[WhiteElo "1394"]
[BlackElo "1697"]
[PlyCount "120"]
[EventDate "2009.04.27"]
[EventType "tourn"]
[EventRounds "7"]
[EventCountry "GER"]
[SourceTitle "EXT 2010"]
[Source "ChessBase"]
[SourceDate "2010.11.25"]
[SourceVersion "1"]
[SourceVersionDate "2010.11.25"]
[SourceQuality "1"]

1. d4 Nf6 2. Nf3 d6 3. c4 g6 4. Nc3 Bg7 5. e3 0-0 6. Be2 Nbd7 7. 0-0 c5 8. b3 b6 9. Bb2 Bb7 10. Rc1 Re8 11. Rc2 h6 12. Nd2 Qc8 13. Bf3 Rd8 14. Bxb7 Qxb7 15. Qf3 Qxf3 16. Nxf3 g5 17. h3 Kh7 18. Ne2 Ne4 19. Nd2 Nxd2 20. Rxd2 Nf6 21. f3 Rd7 22. dxc5 bxc5 23. e4 Ne8 24. Bxg7 Kxg7 25. Rfd1 f6 26. Nc3 Nc7 27. Nd5 Nxd5 28. Rxd5 Rb7 29. Rb1 Rab8 30. Rd2 Kf7 31. Rdb2 Ke6 32. Kf2 Kd7 33. a3 a5 34. Ke3 a4 35. b4 cxb4 36. axb4 a3 37. Rb3 a2 38. Ra1 Rxb4 39. Rxb4 Rxb4 40. Rxa2 Rxc4 41. Rd2 h5 42. g3 Rc3+ 43. Ke2 Rc1 44. Kf2 Rh1 45. Kg2 Rc1 46. Kf2 Rc8 47. h4 Rg8 48. Rd5 gxh4 49. gxh4 e5 50. Ra5 Rc8 51. Ra2 Rc3 52. Rd2 Rc1 53. Kg2 Rc7 54. Kg3 Rc5 55. Rb2 Rc7 56. Rb8 Rc8 57. Rb2 Rc1 58. Rg2 Rh1 59. Rf2 Rg1+ 60. Kh2 Rc1 1-0

[Event "Frankfurt-ch"]
[Site "Frankfurt"]
[Date "2009.04.27"]
[Round "1"]
[White "Kulenovic, Adnan"]
[Black "Lehmann, Gerit"]
[Result "1-0"]
[WhiteElo "1854"]
[BlackElo "1394"]
[PlyCount "61"]
[EventDate "2009.04.27"]
[EventType "tourn"]
[EventRounds "7"]
[EventCountry "GER"]
[SourceTitle "EXT 2010"]
[Source "ChessBase"]
[SourceDate "2010.11.25"]
[SourceVersion "1"]
[SourceVersionDate "2010.11.25"]
[SourceQuality "1"]

1. d4 d5 2. e4 e6 3. Be3 dxe4 4. f3 Nf6 5. Nd2 b6 6. fxe4 Bb7 7. Bb5+ Nbd7 8. Qf3 a6 9. Bd3 c5 10. Ne2 cxd4 11. Bxd4 Bc5 12. Bc3 b5 13. b4 Ba7 14. g4 h6 15. Rf1 Bb8 16. h4 Rf8 17. Nb3 Be5 18. 0-0-0 Bxc3 19. Nxc3 Qc7 20. Bxb5 axb5 21. Nxb5 Qc6 22. Nd6+ Ke7 23. Na5 Qb6 24. Naxb7 Qxb4 25. Qb3 Qxb3 26. axb3 Nxg4 27. Rf4 Ra1+ 28. Kd2 Rxd1+ 29. Kxd1 Ngf6 30. b4 Ne8 31. Nc8# 1-0

[Event "Frankfurt-ch"]
[Site "Frankfurt"]
[Date "2008.06.16"]
[Round "7"]
[White "Lehmann, Gerit"]
[Black "Rausch, Wolfgang"]
[Result "0-1"]
[WhiteElo "1427"]
[BlackElo "2197"]
[PlyCount "102"]
[EventDate "2008.04.28"]
[EventType "swiss"]
[EventRounds "7"]
[EventCountry "GER"]
[SourceTitle "EXT 2009"]
[Source "ChessBase"]
[SourceDate "2008.11.26"]
[SourceVersion "1"]
[SourceVersionDate "2008.11.26"]
[SourceQuality "1"]

1. d4 Nf6 2. Nf3 g6 3. c4 Bg7 4. Nc3 0-0 5. e3 d6 6. h3 Nc6 7. Bd3 e5 8. dxe5 dxe5 9. 0-0 Qe7 10. Nd2 Rd8 11. Qe2 Be6 12. a3 Nd7 13. b3 e4 14. Bxe4 Bxc3 15. Rb1 Bg7 16. b4 Nf6 17. Bf3 Rab8 18. Bb2 Rd7 19. Ne4 Nxe4 20. Bxe4 Ne5 21. Bxe5 Bxe5 22. Rfd1 f5 23. Bc2 Rbd8 24. f4 Bf6 25. Rxd7 Rxd7 26. Bb3 Kg7 27. Rd1 Rxd1+ 28. Qxd1 Bf7 29. Qd3 Qe4 30. Qxe4 fxe4 31. a4 Bc3 32. b5 Kf6 33. Kf2 g5 34. fxg5+ Kxg5 35. Bc2 Kf5 36. g4+ Ke5 37. Bb3 h5 38. Kg3 Be1+ 39. Kg2 hxg4 40. hxg4 Be6 41. Bd1 Bxc4 42. Bc2 Bh4 43. Bd1 c5 44. Kh3 Bg5 45. Kg3 Bxe3 46. Kh4 Bd3 47. Kh5 c4 48. g5 Bxg5 49. Kxg5 c3 50. Kg4 c2 51. Bxc2 Bxc2 0-1

[Event "Frankfurt-ch"]
[Site "Frankfurt"]
[Date "2008.06.09"]
[Round "6"]
[White "Richter, Edgar"]
[Black "Lehmann, Gerit"]
[Result "0-1"]
[WhiteElo "1246"]
[BlackElo "1427"]
[PlyCount "84"]
[EventDate "2008.04.28"]
[EventType "swiss"]
[EventRounds "7"]
[EventCountry "GER"]
[SourceTitle "EXT 2009"]
[Source "ChessBase"]
[SourceDate "2008.11.26"]
[SourceVersion "1"]
[SourceVersionDate "2008.11.26"]
[SourceQuality "1"]

1. e4 e5 2. Nc3 Nc6 3. Nf3 Bc5 4. Bc4 d6 5. 0-0 Bg4 6. h3 Bh5 7. Be2 Bg6 8. d3 h6 9. Na4 Bb6 10. Nxb6 axb6 11. a3 Nf6 12. b4 0-0 13. Bb2 Nd7 14. c4 f5 15. exf5 Bxf5 16. d4 e4 17. Nh2 Qg5 18. Bg4 Nf6 19. Bxf5 Qxf5 20. d5 Ne5 21. Bxe5 Qxe5 22. Ng4 Nxg4 23. Qxg4 Qf5 24. Qxf5 Rxf5 25. Rfe1 Re5 26. Re3 Rae8 27. a4 c6 28. dxc6 bxc6 29. Rd1 d5 30. b5 cxb5 31. cxb5 Ra8 32. Rd4 Kf7 33. f4 Rf5 34. g3 Ke6 35. Kf2 g5 36. Rc3 Rd8 37. Ke3 gxf4+ 38. gxf4 Rh5 39. Rc6+ Rd6 40. Rd1 Rxh3+ 41. Kd4 Rf3 42. Rg1 Rd3# 0-1